| 000 | 00606nmm a2200169Ia 4500 | ||
|---|---|---|---|
| 008 | 251105s9999||||xx |||||||||||||||||und|| | ||
| 020 | _a9788437075334 | ||
| 041 | _aspa | ||
| 100 | _aMenguzzato Boulard, Martina | ||
| 245 | 0 |
_aLa dirección de empresas ante los retos del siglo XXI : _b Homenaje al profesor Juan José Renau Piqueras |
|
| 264 |
_a[Madrid, España] : _bPublicaciones de la Universidad de Valencia (PUV), _c2009 |
||
| 300 | _a728 páginas | ||
| 490 | _aFora de Col·lecció | ||
| 650 | _aEconomics and Business | ||
| 856 | _uhttps://public.digitaliapublishing.com/a/35325 | ||
| 942 | _cCF | ||
| 999 |
_c82479 _d82479 |
||